|
|
|
|
| LEADER |
00611nta a2200169 i 4500 |
| 001 |
dipl88941 |
| 005 |
20200811065016.0 |
| 008 |
200810s1976 hu om 0|| zxx d |
| 040 |
|
|
|a SZTE Diploma Repozitórium
|b hun
|
| 041 |
|
|
|a zxx
|
| 100 |
1 |
|
|a Marsi Katalin
|
| 245 |
1 |
2 |
|a A Nemzeti Parasztpárt gyulai szervezetének története (1945-1948)
|h [elektronikus dokumentum] /
|c Katalin Marsi
|
| 260 |
|
|
|c 1976
|
| 650 |
|
4 |
|a Bölcsészettudományok
|
| 650 |
|
4 |
|a Modern and contemporary history
|
| 700 |
1 |
|
|a Nagy István
|e ths
|
| 856 |
4 |
0 |
|u http://diploma.bibl.u-szeged.hu/id/eprint/88941/1/1976_marsi_katalin.pdf
|z Dokumentum-elérés
|